<?xml version="1.0" encoding="UTF-8"?>
<record
    xmlns:xsi="http://www.w3.org/2001/XMLSchema-instance"
    xsi:schemaLocation="http://www.loc.gov/MARC21/slim http://www.loc.gov/standards/marcxml/schema/MARC21slim.xsd"
    xmlns="http://www.loc.gov/MARC21/slim">

  <leader>01016nam a22001457a 4500</leader>
  <datafield tag="040" ind1=" " ind2=" ">
    <subfield code="c">NUST</subfield>
  </datafield>
  <datafield tag="050" ind1=" " ind2=" ">
    <subfield code="a">72-95090</subfield>
  </datafield>
  <datafield tag="082" ind1=" " ind2=" ">
    <subfield code="a">515,HAR</subfield>
  </datafield>
  <datafield tag="100" ind1=" " ind2=" ">
    <subfield code="a">Hart,  William L. </subfield>
    <subfield code="9">113437</subfield>
  </datafield>
  <datafield tag="245" ind1=" " ind2=" ">
    <subfield code="a">Calculus with applications: </subfield>
    <subfield code="b">to Social and life Sciences /</subfield>
    <subfield code="c">William L Hart</subfield>
  </datafield>
  <datafield tag="260" ind1=" " ind2=" ">
    <subfield code="a">New York</subfield>
    <subfield code="b"> Laidlaw Brother</subfield>
    <subfield code="c">1973</subfield>
  </datafield>
  <datafield tag="300" ind1=" " ind2=" ">
    <subfield code="a">452,xiv p.;</subfield>
  </datafield>
  <datafield tag="505" ind1=" " ind2=" ">
    <subfield code="a">Certain precalculus(Page-1), Calculus with applications (Page-53) Differentiation of exponential and logarithmic functions (Page-145), Introduction to solid analytic geometry (Page-215), Partial differentiation and applications (Page-229), Applications of integration (Page-261), Improper integrals,and probability for a continuous random variable (Page-305), Review of trigonometric functions (Page-340), alculus for Trignometric functions and Advanced Integration (Page-3590, Infinte series and Expansion of funcions (Page-385), Introduction to double integrals (Page-419), Least square methods and related topics (Page-432).</subfield>
  </datafield>
  <datafield tag="942" ind1=" " ind2=" ">
    <subfield code="2">ddc</subfield>
    <subfield code="c">BK</subfield>
    <subfield code="k">515,HAR</subfield>
  </datafield>
  <datafield tag="999" ind1=" " ind2=" ">
    <subfield code="c">595143</subfield>
    <subfield code="d">595143</subfield>
  </datafield>
  <datafield tag="952" ind1=" " ind2=" ">
    <subfield code="0">0</subfield>
    <subfield code="1">0</subfield>
    <subfield code="2">ddc</subfield>
    <subfield code="4">0</subfield>
    <subfield code="7">0</subfield>
    <subfield code="a">MCS</subfield>
    <subfield code="b">MCS</subfield>
    <subfield code="c">GEN</subfield>
    <subfield code="d">2023-07-07</subfield>
    <subfield code="o">515,HAR</subfield>
    <subfield code="p">MCS7268</subfield>
    <subfield code="r">2023-07-07</subfield>
    <subfield code="w">2023-07-07</subfield>
    <subfield code="y">BK</subfield>
    <subfield code="z">Almirah No.82, Shelf No.3</subfield>
  </datafield>
</record>
